Представление документа в формате MARC21

Поле Инд. ПП Название Значение
Тип записи a
Библиографический уровень m
001 Контрольный номер RU/IS/BASE/149708651
005 Дата корректировки 20260126080031.3
008 Кодируемые данные 20040928
022 a ISSN 0130-0075
041 a Код языка текста rus
084 a Индекс другой классификации/Индекс ББК 80; 81; 82; 83
090 a Полочн. индекс 95.4+80
x Авторский знак В 387
097 00 a 110
245 00 a Заглавие Вестник Московского университета. Серия 9, Филология
c Ответственность учредитель: МГУ им. М. В. Ломоносова. Филологический факультет; гл. ред. М. Л. Ремнева
n Номер части/ раздела №6/1996
b Продолж. заглавия научный журнал
260 00 a Место издания М.
b Издательство Издательство Московского университета
c Дата издания 1996
300 a Объем 216 с.
500 a Примечание Журнал
650 a Основная рубрика филологические науки
a Основная рубрика языкознание
a Основная рубрика фольклор
a Основная рубрика литературоведение
773 w Контрольный № источника RU/IS/BASE/403800858
901 t Тип документа s
952 a Тип литературы для КСУ ВШ НЖ